La méditerranée et le destin de l'Europe

Saved in:
Bibliografiske detaljer
Hovedforfatter: Belot, R. de (Author)
Format: Bog
Sprog:fransk
Udgivet: París Payot 1961
Serier:Bibliothèque Historique
Fag:
Tags: Tilføj Tag
Ingen Tags, Vær først til at tagge denne postø!

MARC

LEADER 00000nam a2200000 a 4500
001 UCP9931
003 CL-VaPUC
008 000407e19610000FR |||||||||||||||||fre|d
082 0 4 |a 940.1822  |b BEL  |2 21 
100 0 |a Belot, R. de  |e author  |9 440886 
245 1 3 |a La méditerranée et le destin de l'Europe 
300 |a 212 p 
942 |c BK 
945 |d 20000407 00:00:00  |a rherrera 
260 |a París  |b Payot  |c 1961 
650 7 |a HISTORIA DE EUROPA SIGLO 20  |2 CL-VaPUC  |9 319599 
650 0 |a Edad media  |9 258041 
650 0 |a Bárbaros  |9 401294 
650 0 |a Segunda Guerra Mundial  |9 325982 
650 0 |a Geopolítica  |9 313921 
650 0 |a Economía   |9 255568 
651 7 |a MAR MEDITERRANEO  |2 CL-VaPUC  |9 406306 
651 7 |a CRETA  |2 CL-VaPUC  |9 266769 
651 7 |a FENICIA  |2 CL-VaPUC  |9 440524 
651 0 |a Grecia  |9 265314 
651 0 |a Cartago  |9 320485 
651 0 |a Inglaterra  |9 255158 
583 |a last modification  |c 20160912 03:47:31  |k Rodrigo Vera 
490 0 |a Bibliothèque Historique 
999 |c 286711  |d 286709 
952 |0 0  |1 0  |4 0  |6 940_182200000000000_BEL_1961  |7 0  |8 A  |9 332791  |a BIBHIS  |b BIBHIS  |d 2019-11-20  |i 1263099  |o 940.1822 BEL 1961  |p 1263099  |r 2025-01-20  |w 2019-11-20  |y BK  |k HIS